000 00451nam a2200169Ia 4500
003 GCL
008 140319s9999 xx 000 0 ara d
040 _aGCL /
_cGCL
082 0 4 _a629.2509
_bا ا
245 1 0 _aاستخدام الطاقة الذرية
300 _a59
490 _aالالف كتاب
_v0
650 0 4 _aالطاقة الذرية
650 0 4 _aهندسة الطاقة
650 0 4 _aالهندسة النووية
942 _2ddc
_cBK
999 _c43063
_d43063